| 000 | 01420cam a2200373 a 4500 | ||
|---|---|---|---|
| 001 | 17578833 | ||
| 005 | 20170105102850.0 | ||
| 008 | 130103s2012 enka b 001 0deng d | ||
| 010 | _a 2012288886 | ||
| 015 |
_aGBB227071 _2bnb |
||
| 016 | 7 |
_a016050120 _2Uk |
|
| 020 | _a9781848857186 (hbk.) | ||
| 020 | _a1848857187 (hbk.) | ||
| 035 | _a(OCoLC)ocn780335232 | ||
| 040 |
_aUKMGB _beng _cUKMGB _dYDXCP _dBTCTA _dOCLCQ _dOCLCO _dCDX _dYNK _dNDD _dOUN _dBWX _dDLC |
||
| 042 | _alccopycat | ||
| 043 | _ae-uk--- | ||
| 050 | 0 | 0 |
_aDA566.9.C5 _bD547 2012 |
| 082 | 0 | 4 |
_a941.082092 _223 |
| 100 | 1 |
_aDilks, David, _d1938- |
|
| 245 | 1 | 0 |
_aChurchill and company : _ballies and rivals in war and peace / _cDavid Dilks. |
| 260 |
_aLondon ; _aNew York, NY : _bI.B. Tauris, _c2012. |
||
| 300 |
_axxii, 313 p. : _bill. (some col.) ; _c24 cm. |
||
| 504 | _aIncludes bibliographical references and index. | ||
| 600 | 1 | 0 |
_aChurchill, Winston, _d1874-1965 _xFriends and associates. |
| 650 | 0 |
_aWorld War, 1939-1945 _xDiplomatic history. |
|
| 651 | 0 |
_aGreat Britain _xForeign relations _y1936-1945. |
|
| 651 | 0 |
_aGreat Britain _xForeign relations _y1945-1964. |
|
| 651 | 0 |
_aGreat Britain _xPolitics and government _y1936-1945. |
|
| 651 | 0 |
_aGreat Britain _xPolitics and government _y1945-1964. |
|
| 906 |
_a7 _bcbc _ccopycat _d2 _encip _f20 _gy-gencatlg |
||
| 942 |
_2ddc _cBK |
||
| 999 |
_c14249 _d14249 |
||